| 000 | 00491nam a2200181Ia 4500 | ||
|---|---|---|---|
| 005 | 20250603144600.0 | ||
| 008 | 250603s9999 xx 000 0 und d | ||
| 020 | _a9781774914335 | ||
| 050 | _aTP 248.3 .B39/ | ||
| 100 | _aEdited by Torre, Leonardo SepĂșlveda | ||
| 245 | 0 | _aBioresources and Bioprocess in Biotechnology for a Sustainable Future | |
| 260 | _aUSA | ||
| 260 | _bApple Academic Press | ||
| 260 | _c2024 | ||
| 300 | _axviii, 338p.: ill. | ||
| 650 | _aUSA | ||
| 942 | _cBK | ||
| 999 |
_c39346 _d39346 |
||